00542nam a22001937a 450000500170000001000130001702000220003003500130005203700160006504000120008108200130009310000220010624500570012826000530018527000500023830000250028865000250031365000100033820170124105930.0 aA-791594 c00.00a8170247497 aA-791594 bCen Lib/Ret aDPLbEN a374bJET aJethithor, Bharat aAdult education and extension /cby Bharat Jethithor aNew DelhibA. P. H. Publishing Corporationc1996 a5, Ansari Road, Darya GanjbNew Delhie110002 axxxi,489p.c21cm(Hb) aUniversity extension aIndia